[Event "WCN k.o."]
[Site "Internet USCF"]
[Date "2001.??.??"]
[Round "?"]
[White "Lobron, Eric"]
[Black "Charbonneau, Pascal"]
[Result "1-0"]
[WhiteElo "2524"]
[BlackElo "2405"]
[PlyCount "75"]
[GameId "1166644031754240"]
[EventDate "2001.12.??"]
[EventType "k.o."]
[EventRounds "5"]
[EventCountry "USA"]
[SourceTitle "EXT 2003"]
[Source "ChessBase"]
[SourceDate "2002.11.25"]
[SourceVersion "1"]
[SourceVersionDate "2002.11.25"]
[SourceQuality "1"]

1. d4 Nf6 2. Nf3 e6 3. c4 b6 4. a3 Bb7 5. Nc3 d5 6. cxd5 Nxd5 7. e3 g6 8. Bb5+ c6 9. Bc4 Bg7 10. O-O O-O 11. e4 Nxc3 12. bxc3 c5 13. Bg5 Qd6 14. Qd3 Nc6 15. Rad1 Na5 16. Ba2 Rac8 17. Rfe1 c4 18. Qe3 Qxa3 19. Bb1 f6 20. Bh6 Bxh6 21. Qxh6 Qxc3 22. h4 Rc7 23. h5 Rg7 24. d5 e5 25. Nh4 Kf7 26. hxg6+ hxg6 27. Re3 Qb4 28. Rg3 Rfg8 29. d6 Qa4 30. Rf1 Qd7 31. f4 Nc6 32. f5 Nd4 33. fxg6+ Ke8 34. Rxf6 Qb5 35. Rf7 Qxb1+ 36. Kh2 Ne2 37. d7+ Kd8 38. Qg5+ 1-0

[Event "WCN k.o."]
[Site "Internet USCF"]
[Date "2001.??.??"]
[Round "?"]
[White "Rogozenco, Dorian"]
[Black "Charbonneau, Pascal"]
[Result "1-0"]
[WhiteElo "2548"]
[BlackElo "2405"]
[PlyCount "55"]
[GameId "1166644031807488"]
[EventDate "2001.12.??"]
[EventType "k.o."]
[EventRounds "5"]
[EventCountry "USA"]
[SourceTitle "EXT 2003"]
[Source "ChessBase"]
[SourceDate "2002.11.25"]
[SourceVersion "1"]
[SourceVersionDate "2002.11.25"]
[SourceQuality "1"]

1. d4 Nf6 2. c4 e6 3. Nf3 b6 4. g3 Ba6 5. Nbd2 Bb7 6. Bg2 c5 7. e4 cxd4 8. O-O d6 9. Nxd4 Qd7 10. b3 Be7 11. Bb2 Nc6 12. Nc2 O-O 13. f4 Rfd8 14. Qe2 Rac8 15. Rad1 Qc7 16. Ne3 Qb8 17. g4 Nd7 18. g5 a6 19. Qh5 d5 20. Kh1 d4 21. Ng4 Bf8 22. Rf3 g6 23. Nh6+ Bxh6 24. Qxh6 Nf8 25. f5 exf5 26. exf5 Ne5 27. f6 Ne6 28. Rh3 1-0

[Event "WCN k.o."]
[Site "Internet USCF"]
[Date "2001.??.??"]
[Round "?"]
[White "Rogozenco, Dorian"]
[Black "Charbonneau, Pascal"]
[Result "1/2-1/2"]
[WhiteElo "2548"]
[BlackElo "2405"]
[PlyCount "140"]
[GameId "1166644031811584"]
[EventDate "2001.12.??"]
[EventType "k.o."]
[EventRounds "5"]
[EventCountry "USA"]
[SourceTitle "EXT 2003"]
[Source "ChessBase"]
[SourceDate "2002.11.25"]
[SourceVersion "1"]
[SourceVersionDate "2002.11.25"]
[SourceQuality "1"]

1. d4 Nf6 2. c4 e6 3. Nc3 Bb4 4. Bg5 h6 5. Bh4 c5 6. d5 b5 7. e4 g5 8. Bg3 Nxe4 9. Qf3 f5 10. Qh5+ Ke7 11. d6+ Nxd6 12. Bxd6+ Kxd6 13. O-O-O+ Ke7 14. Nxb5 Nc6 15. h4 g4 16. Ne2 Qe8 17. Qxe8+ Rxe8 18. Nc7 Bb7 19. Nf4 Nd4 20. Nd3 Nc6 21. a3 Ba5 22. Nxe8 Rxe8 23. Nxc5 Bc8 24. Nd3 Bb6 25. c5 Bc7 26. g3 e5 27. b4 Bb7 28. Bg2 e4 29. Rhe1 Kf7 30. Nb2 Ne5 31. Bf1 Re7 32. Nc4 Nf3 33. Nd6+ Bxd6 34. cxd6 Re8 35. Re2 Bc6 36. Rb2 Ba4 37. Bc4+ Kf6 38. Bb3 Bc6 39. Rc2 Ne5 40. Kb1 Nd3 41. Bc4 Ba4 42. Bxd3 exd3 43. Rxd3 Bxc2+ 44. Kxc2 Re2+ 45. Rd2 Re4 46. Kc3 f4 47. a4 Ke5 48. a5 f3 49. b5 Re1 50. Rb2 Kxd6 51. b6 axb6 52. axb6 Re8 53. h5 Kc6 54. Rb4 Rg8 55. b7 Kc7 56. b8=Q+ Rxb8 57. Rxg4 Rb5 58. Rh4 Rd5 59. g4 Kd6 60. Rh3 Rg5 61. Rxf3 Rxg4 62. Rf6+ Ke7 63. Rxh6 Rf4 64. Rh7+ Kf8 65. Rxd7 Rxf2 66. Kd3 Rf5 67. h6 Kg8 68. Ke4 Rh5 69. h7+ Rxh7 70. Rxh7 Kxh7 1/2-1/2

[Event "WCN k.o."]
[Site "Internet USCF"]
[Date "2001.??.??"]
[Round "?"]
[White "Rogozenco, Dorian"]
[Black "Charbonneau, Pascal"]
[Result "1-0"]
[WhiteElo "2548"]
[BlackElo "2405"]
[PlyCount "123"]
[GameId "1166644031803392"]
[EventDate "2001.12.??"]
[EventType "k.o."]
[EventRounds "5"]
[EventCountry "USA"]
[SourceTitle "EXT 2003"]
[Source "ChessBase"]
[SourceDate "2002.11.25"]
[SourceVersion "1"]
[SourceVersionDate "2002.11.25"]
[SourceQuality "1"]

1. d4 Nf6 2. Bg5 Ne4 3. Bh4 c5 4. f3 g5 5. fxe4 gxh4 6. e3 Bh6 7. Kf2 cxd4 8. exd4 Qb6 9. Nc3 e6 10. Nf3 Nc6 11. Bb5 O-O 12. Re1 Bg7 13. Bxc6 bxc6 14. Na4 Qa5 15. c3 d6 16. e5 c5 17. dxc5 dxc5 18. Re4 f6 19. Rxh4 fxe5 20. Qd6 c4 21. Nc5 Rb8 22. Qxb8 Qxc5+ 23. Ke2 e4 24. Rxe4 Qf5 25. Rh4 Qd3+ 26. Kf2 e5 27. Re1 Bf5 28. Qb7 Bg6 29. Qc6 e4 30. Rhxe4 Bxe4 31. Qxe4 Rb8 32. Qxd3 cxd3 33. b3 Bxc3 34. Rd1 Rd8 35. Ke3 d2 36. Nxd2 Be5 37. g3 Bg7 38. Ke2 Re8+ 39. Kd3 Rd8+ 40. Kc2 Re8 41. Nc4 Bh6 42. Kd3 Rd8+ 43. Ke2 Re8+ 44. Kf3 Rf8+ 45. Kg2 Re8 46. Rf1 Bg7 47. Rf2 Bd4 48. Rd2 Bc5 49. Kf3 Rf8+ 50. Ke4 Bb4 51. Rc2 Rd8 52. Ne5 Ba5 53. Nc6 Re8+ 54. Kd5 Bb6 55. a4 a5 56. Kc4 Re3 57. Rc3 Re2 58. Kb5 Bc7 59. Nxa5 Re5+ 60. Rc5 Rxc5+ 61. Kxc5 Bxa5 62. b4 1-0

[Event "Bermuda-B"]
[Site "Bermuda"]
[Date "2002.01.28"]
[Round "7"]
[White "Alvarez Marquez, Johan"]
[Black "Charbonneau, Pascal"]
[Result "1/2-1/2"]
[WhiteElo "2379"]
[BlackElo "2386"]
[PlyCount "48"]
[GameId "1166644161990656"]
[EventDate "2002.01.21"]
[EventType "tourn"]
[EventRounds "9"]
[EventCountry "BER"]
[EventCategory "8"]
[SourceTitle "CBM 088"]
[Source "ChessBase"]
[SourceDate "2002.03.21"]
[SourceVersion "1"]
[SourceVersionDate "2002.03.21"]
[SourceQuality "1"]

1. d4 Nf6 2. c4 e6 3. Nc3 Bb4 4. e3 c5 5. Bd3 O-O 6. Nge2 d5 7. cxd5 cxd4 8. exd4 Nxd5 9. O-O Nc6 10. Bc2 Bd6 11. Ne4 Be7 12. a3 b6 13. Qd3 g6 14. Bh6 Re8 15. Rac1 Bb7 16. Ba4 Rc8 17. Rfd1 Bf8 18. Qh3 Qe7 19. Nf4 Bxh6 20. Qxh6 Nxf4 21. Qxf4 Red8 22. d5 exd5 23. Nf6+ Kg7 24. Nxd5 Qe5 1/2-1/2

[Event "Bermuda-B"]
[Site "Bermuda"]
[Date "2002.01.30"]
[Round "9"]
[White "Shahade, Gregory P"]
[Black "Charbonneau, Pascal"]
[Result "1/2-1/2"]
[WhiteElo "2454"]
[BlackElo "2386"]
[PlyCount "57"]
[GameId "1166644162031616"]
[EventDate "2002.01.21"]
[EventType "tourn"]
[EventRounds "9"]
[EventCountry "BER"]
[EventCategory "8"]
[SourceTitle "CBM 088"]
[Source "ChessBase"]
[SourceDate "2002.03.21"]
[SourceVersion "1"]
[SourceVersionDate "2002.03.21"]
[SourceQuality "1"]

1. e4 c5 2. Nf3 Nc6 3. d4 cxd4 4. Nxd4 e6 5. Nc3 Qc7 6. Be2 a6 7. Be3 b5 8. Nxc6 dxc6 9. a4 Rb8 10. O-O Nf6 11. Bd3 Bd6 12. f4 e5 13. f5 Bb7 14. axb5 axb5 15. Bxb5 Bb4 16. Bd3 Bxc3 17. bxc3 c5 18. c4 O-O 19. Qf3 Qc6 20. Rfe1 Rfd8 21. Rab1 Ba6 22. Bg5 Rb4 23. Qg3 Re8 24. Bxf6 Qxf6 25. Rxb4 cxb4 26. c5 Qc6 27. Bxa6 Qxa6 28. Rd1 Qb5 29. Qe3 1/2-1/2

[Event "USA-chT Amateur East"]
[Site "Parsipanny"]
[Date "2002.02.17"]
[Round "3"]
[White "Charbonneau, Pascal"]
[Black "Miller, Mark S"]
[Result "1-0"]
[WhiteElo "2386"]
[BlackElo "2023"]
[PlyCount "39"]
[GameId "1166644197117952"]
[EventDate "2002.02.16"]
[EventType "team"]
[EventRounds "6"]
[EventCountry "USA"]
[SourceTitle "CBM 086 Extra"]
[Source "ChessBase"]
[SourceDate "2002.03.14"]
[SourceVersion "1"]
[SourceVersionDate "2002.03.14"]
[SourceQuality "1"]

1. e4 e5 2. Nf3 Nc6 3. d4 exd4 4. Nxd4 Nf6 5. Nxc6 bxc6 6. e5 Nd5 7. c4 Nb6 8. Bd3 Bb4+ 9. Nd2 Qh4 10. O-O Bxd2 11. Bxd2 Nxc4 12. g3 Qd4 13. Bc3 Qd5 14. Qe2 Nb6 15. Rad1 Na4 16. Qg4 Nxc3 17. Qxg7 Rf8 18. bxc3 Bb7 19. Bf5 Qf3 20. Bxd7+ 1-0

[Event "USA-chT Amateur East"]
[Site "Parsipanny"]
[Date "2002.02.18"]
[Round "6"]
[White "Paschall, William M"]
[Black "Charbonneau, Pascal"]
[Result "1/2-1/2"]
[WhiteElo "2422"]
[BlackElo "2386"]
[PlyCount "77"]
[GameId "1166644197699584"]
[EventDate "2002.02.16"]
[EventType "team"]
[EventRounds "6"]
[EventCountry "USA"]
[SourceTitle "CBM 086 Extra"]
[Source "ChessBase"]
[SourceDate "2002.03.14"]
[SourceVersion "1"]
[SourceVersionDate "2002.03.14"]
[SourceQuality "1"]

1. Nf3 Nf6 2. c4 e6 3. d4 a6 4. Nc3 c5 5. g3 cxd4 6. Nxd4 Qc7 7. Bg2 Be7 8. O-O O-O 9. Be3 Ng4 10. Bf4 d6 11. h3 Nf6 12. Be3 Nc6 13. Rc1 Nxd4 14. Qxd4 Bd7 15. Rfd1 Rac8 16. b3 Rfd8 17. Qb6 Qxb6 18. Bxb6 Re8 19. Bd4 Bc6 20. Bxf6 gxf6 21. Bxc6 Rxc6 22. e4 Rec8 23. a4 Kf8 24. Rd3 Bd8 25. Rcd1 Ke7 26. Ne2 Bb6 27. Kg2 Bc5 28. Rf3 b5 29. axb5 axb5 30. cxb5 Rb6 31. Nd4 Bxd4 32. Rxd4 Rxb5 33. Ra4 Rc7 34. Ra8 Re5 35. Rf4 Rb7 36. Ra3 Reb5 37. Rf3 Re5 38. Rf4 Reb5 39. Rf3 1/2-1/2

[Event "Donald Byrne Memorial"]
[Site "Penn State"]
[Date "2002.02.24"]
[Round "6"]
[White "Charbonneau, Pascal"]
[Black "Muhammad, Stephen A"]
[Result "1/2-1/2"]
[WhiteElo "2386"]
[BlackElo "2317"]
[PlyCount "108"]
[GameId "1166644198760448"]
[EventDate "2002.02.20"]
[EventType "tourn"]
[EventRounds "9"]
[EventCountry "USA"]
[EventCategory "4"]
[SourceTitle "CBM 086 Extra"]
[Source "ChessBase"]
[SourceDate "2002.03.14"]
[SourceVersion "1"]
[SourceVersionDate "2002.03.14"]
[SourceQuality "1"]

1. e4 e5 2. Nf3 Nc6 3. d4 exd4 4. Nxd4 Bc5 5. Be3 Qf6 6. c3 Nge7 7. Bc4 Ne5 8. Be2 Qg6 9. O-O d6 10. Kh1 O-O 11. Nd2 Ng4 12. Bxg4 Bxg4 13. f3 Bd7 14. f4 Nc6 15. Nc2 Bxe3 16. Nxe3 Rfe8 17. Nd5 Rac8 18. f5 Qg5 19. Rf3 Ne5 20. Rg3 Qd8 21. f6 Ng6 22. fxg7 Kxg7 23. Qf3 Re5 24. Rf1 Be6 25. Nf6 Qe7 26. h4 h5 27. Nxh5+ Rxh5 28. Qxh5 Rh8 29. Qg5 Rxh4+ 30. Kg1 Qxg5 31. Rxg5 Rh6 32. Nf3 Kf6 33. Ra5 a6 34. Nd4+ Ke7 35. Rg5 Rh8 36. b3 Ne5 37. Rg7 a5 38. Rg5 b6 39. Nf3 Ng4 40. e5 dxe5 41. Nxe5 Nxe5 42. Rxe5 Rd8 43. Rfe1 Rg8 44. c4 Kd6 45. R5e4 Rg6 46. Kf2 Kc5 47. a3 Rf6+ 48. Ke3 Rg6 49. Kf3 Rf6+ 50. Rf4 Rh6 51. Rb1 Rh8 52. Re1 Rh6 53. Re5+ Kd6 54. Re1 Kc5 1/2-1/2

[Event "Donald Byrne Memorial"]
[Site "Penn State"]
[Date "2002.02.24"]
[Round "8"]
[White "Charbonneau, Pascal"]
[Black "Formanek, Edward W"]
[Result "1-0"]
[WhiteElo "2386"]
[BlackElo "2300"]
[PlyCount "83"]
[GameId "1166644198801408"]
[EventDate "2002.02.20"]
[EventType "tourn"]
[EventRounds "9"]
[EventCountry "USA"]
[EventCategory "4"]
[SourceTitle "CBM 086 Extra"]
[Source "ChessBase"]
[SourceDate "2002.03.14"]
[SourceVersion "1"]
[SourceVersionDate "2002.03.14"]
[SourceQuality "1"]

1. e4 e6 2. d4 d5 3. Nc3 Bb4 4. e5 c5 5. a3 Bxc3+ 6. bxc3 Qc7 7. Nf3 Bd7 8. a4 Ne7 9. Be2 Bc6 10. O-O Nd7 11. a5 a6 12. Ng5 h6 13. Nh3 Bb5 14. Ba3 Nc6 15. Bxb5 axb5 16. Qg4 g6 17. Nf4 Ne7 18. Nd3 cxd4 19. cxd4 Rxa5 20. Bd6 Qb6 21. Bb4 Ra4 22. Nc5 Nxc5 23. Bxc5 Qc7 24. Qf4 O-O 25. Qxh6 Rfa8 26. Rab1 Nf5 27. Qd2 b6 28. Bb4 Ra2 29. g4 Rxc2 30. Qf4 Ng7 31. Rb3 Qc4 32. Rf3 Ra7 33. Bd2 Qe2 34. Be3 Rca2 35. Kg2 b4 36. Qf6 Rd7 37. Qh4 g5 38. Qh6 Ra3 39. Rh3 Qxg4+ 40. Kh1 Kf8 41. Qh8+ Ke7 42. Qxg7 1-0

[Event "Olympiad-35"]
[Site "Bled"]
[Date "2002.10.28"]
[Round "3.3"]
[White "Charbonneau, Pascal"]
[Black "Asrian, Karen"]
[Result "1/2-1/2"]
[WhiteElo "2427"]
[BlackElo "2597"]
[PlyCount "100"]
[GameId "1166644864208896"]
[EventDate "2002.10.26"]
[EventType "team-swiss"]
[EventRounds "14"]
[EventCountry "SLO"]
[SourceTitle "EXT 2003"]
[Source "ChessBase"]
[SourceDate "2002.11.25"]
[SourceVersion "1"]
[SourceVersionDate "2002.11.25"]
[SourceQuality "1"]
[WhiteTeam "Canada"]
[BlackTeam "Armenia"]
[WhiteTeamCountry "CAN"]
[BlackTeamCountry "ARM"]

1. e4 c6 2. d4 d5 3. e5 c5 4. dxc5 e6 5. Be3 Nh6 6. Nf3 Nd7 7. c4 Nf5 8. cxd5 Nxe3 9. fxe3 Bxc5 10. dxe6 fxe6 11. Nbd2 O-O 12. Qb3 Qb6 13. Bc4 Bxe3 14. Bxe6+ Kh8 15. Qxb6 axb6 16. Bh3 Re8 17. Nc4 Nxe5 18. Nfxe5 Bxh3 19. gxh3 Bf4 20. O-O Bxe5 21. Nxe5 Rxe5 22. Rae1 Rg5+ 23. Kh1 h6 24. a3 Rb5 25. Rf2 Rd8 26. Re3 Rg5 27. Rg3 Rxg3 28. hxg3 Rd3 29. Kg2 Rb3 30. h4 h5 31. Kh3 Kg8 32. Kg2 b5 33. Kh3 b6 34. Kg2 Kh7 35. Kh3 Kg6 36. Kg2 Kh6 37. Kh3 Kh7 38. Kg2 Kg6 39. Kh3 Kh6 40. Kg2 g6 41. Kh3 Kg7 42. Kg2 Rd3 43. Rc2 b4 44. a4 Rb3 45. Rf2 Re3 46. Kh3 b3 47. Rf4 Re2 48. Rb4 Rxb2 49. Rxb6 Ra2 50. Rxb3 Rxa4 1/2-1/2

[Event "Olympiad-35"]
[Site "Bled"]
[Date "2002.10.31"]
[Round "6.3"]
[White "Miladinovic, Igor"]
[Black "Charbonneau, Pascal"]
[Result "1-0"]
[WhiteElo "2518"]
[BlackElo "2427"]
[PlyCount "95"]
[GameId "1166644867780608"]
[EventDate "2002.10.26"]
[EventType "team-swiss"]
[EventRounds "14"]
[EventCountry "SLO"]
[SourceTitle "EXT 2003"]
[Source "ChessBase"]
[SourceDate "2002.11.25"]
[SourceVersion "1"]
[SourceVersionDate "2002.11.25"]
[SourceQuality "1"]
[WhiteTeam "Greece"]
[BlackTeam "Canada"]
[WhiteTeamCountry "GRE"]
[BlackTeamCountry "CAN"]

1. d4 Nf6 2. c4 e6 3. Nc3 Bb4 4. g3 O-O 5. Bg2 c5 6. Nf3 cxd4 7. Nxd4 d5 8. cxd5 Nxd5 9. Bd2 Bxc3 10. bxc3 Nb6 11. Be3 Nc4 12. Qd3 Nxe3 13. Qxe3 a6 14. O-O Qc7 15. Rfd1 Nd7 16. Nb3 e5 17. Rd5 b6 18. Rad1 Nf6 19. Rd6 Rb8 20. Qxe5 Bb7 21. Bxb7 Qxb7 22. Nd4 Rfe8 23. Qf5 Rbc8 24. Rd3 Rc5 25. Qf3 Ne4 26. Ne6 Nxd6 27. Nxc5 bxc5 28. Rxd6 Qb1+ 29. Kg2 Qxa2 30. Qe3 Qa4 31. Rxa6 Qd7 32. Qxc5 h5 33. Rd6 Qe7 34. Qd5 Qxe2 35. Rd8 Rxd8 36. Qxd8+ Kh7 37. Qd5 f6 38. h4 Kh6 39. Qd4 Qc2 40. c4 Kh7 41. c5 f5 42. Qd5 g6 43. c6 Kh6 44. Qe6 Qb1 45. Qe3+ Kh7 46. Qe7+ Kh6 47. c7 Qc2 48. Qd8 1-0

[Event "Olympiad-35"]
[Site "Bled"]
[Date "2002.11.02"]
[Round "8.3"]
[White "Charbonneau, Pascal"]
[Black "Zadrima, Aldo"]
[Result "1-0"]
[WhiteElo "2427"]
[BlackElo "2270"]
[PlyCount "93"]
[GameId "1166644869611520"]
[EventDate "2002.10.26"]
[EventType "team-swiss"]
[EventRounds "14"]
[EventCountry "SLO"]
[SourceTitle "EXT 2003"]
[Source "ChessBase"]
[SourceDate "2002.11.25"]
[SourceVersion "1"]
[SourceVersionDate "2002.11.25"]
[SourceQuality "1"]
[WhiteTeam "Canada"]
[BlackTeam "Albania"]
[WhiteTeamCountry "CAN"]
[BlackTeamCountry "ALB"]

1. e4 e5 2. Nf3 Nc6 3. Bc4 Nf6 4. d3 Be7 5. Bb3 O-O 6. O-O d6 7. c3 a6 8. Nbd2 Be6 9. Bc2 d5 10. Qe2 Nd7 11. d4 exd4 12. cxd4 dxe4 13. Nxe4 Nf6 14. Rd1 Nb4 15. Bb1 Nbd5 16. Ne5 Nxe4 17. Qxe4 g6 18. Qf3 c6 19. a3 Bf6 20. Bd2 Re8 21. Be4 Bg7 22. Rac1 f6 23. Nc4 f5 24. Bb1 Bxd4 25. b4 Bg7 26. Na5 Qe7 27. Ba2 Rad8 28. Re1 Qd7 29. Bg5 Rb8 30. h4 Bf7 31. Red1 h6 32. Be3 Qe7 33. Ba7 Ra8 34. Bc5 Qxh4 35. Nxb7 Be5 36. g3 Qf6 37. Na5 Rac8 38. Bc4 Nc3 39. Bxf7+ Kxf7 40. Rd7+ Kg8 41. Nc4 Nd5 42. Rd1 Bc3 43. Nd6 Red8 44. Ra7 Rxd6 45. Bxd6 Qxd6 46. Qxc3 Qf8 47. Qc4 1-0

[Event "Olympiad-35"]
[Site "Bled"]
[Date "2002.11.04"]
[Round "9.3"]
[White "Chan, Nicholas"]
[Black "Charbonneau, Pascal"]
[Result "0-1"]
[WhiteElo "2205"]
[BlackElo "2427"]
[PlyCount "92"]
[GameId "1166644871094272"]
[EventDate "2002.10.26"]
[EventType "team-swiss"]
[EventRounds "14"]
[EventCountry "SLO"]
[SourceTitle "EXT 2003"]
[Source "ChessBase"]
[SourceDate "2002.11.25"]
[SourceVersion "1"]
[SourceVersionDate "2002.11.25"]
[SourceQuality "1"]
[WhiteTeam "Malaysia"]
[BlackTeam "Canada"]
[WhiteTeamCountry "MAS"]
[BlackTeamCountry "CAN"]

1. d4 Nf6 2. Nf3 e6 3. a3 b6 4. c4 c5 5. d5 Ba6 6. Qc2 exd5 7. cxd5 g6 8. Nc3 Bg7 9. Bf4 d6 10. e4 Bxf1 11. Kxf1 O-O 12. Re1 Nh5 13. Bg5 Bf6 14. Bh6 Re8 15. g4 Bg7 16. Bg5 Nf6 17. h3 a6 18. Kg2 Nbd7 19. Re2 Qc7 20. Bf4 b5 21. Rhe1 Ne5 22. Nxe5 dxe5 23. Be3 Nd7 24. h4 Nf6 25. f3 h5 26. Kh3 Qd7 27. Rg2 Rac8 28. Bg5 c4 29. Nd1 a5 30. Qd2 a4 31. Qe2 hxg4+ 32. fxg4 Nh5 33. Rf1 Kh7 34. Rgf2 Nf4+ 35. Bxf4 exf4 36. Rxf4 Qxd5 37. Qf3 Qe5 38. Rxf7 Rcd8 39. Qe2 Rd3+ 40. R1f3 Qd4 41. Nc3 b4 42. axb4 a3 43. Rxd3 cxd3 44. Qd2 axb2 45. Qxb2 Rxe4 46. Nd1 Re3+ 0-1

[Event "Olympiad-35"]
[Site "Bled"]
[Date "2002.11.06"]
[Round "11.2"]
[White "Charbonneau, Pascal"]
[Black "Iordachescu, Viorel"]
[Result "1-0"]
[WhiteElo "2427"]
[BlackElo "2567"]
[PlyCount "105"]
[GameId "1166644873261056"]
[EventDate "2002.10.26"]
[EventType "team-swiss"]
[EventRounds "14"]
[EventCountry "SLO"]
[SourceTitle "EXT 2003"]
[Source "ChessBase"]
[SourceDate "2002.11.25"]
[SourceVersion "1"]
[SourceVersionDate "2002.11.25"]
[SourceQuality "1"]
[WhiteTeam "Canada"]
[BlackTeam "Moldova"]
[WhiteTeamCountry "CAN"]
[BlackTeamCountry "MDA"]

1. e4 g6 2. d4 Bg7 3. Nc3 c6 4. h3 d6 5. Be3 Qb6 6. a3 Nd7 7. Nf3 Ngf6 8. Bd3 O-O 9. O-O Qc7 10. a4 b6 11. Qe2 e5 12. dxe5 Nxe5 13. Rfd1 Re8 14. Nxe5 dxe5 15. Bc4 a6 16. Rd2 Bb7 17. Qf3 b5 18. Bg5 Qe7 19. Bb3 Rad8 20. Rxd8 Rxd8 21. axb5 axb5 22. Ra7 Rd7 23. Qe3 Qd8 24. Qc5 h6 25. Be3 Bf8 26. Qb6 Qxb6 27. Bxb6 b4 28. Na4 Nxe4 29. f3 Nd2 30. Ba2 b3 31. cxb3 e4 32. Kf2 exf3 33. gxf3 c5 34. Bxc5 Nxf3 35. Rxb7 Rxb7 36. Kxf3 Bxc5 37. Nxc5 Rb5 38. Nd3 Rh5 39. b4 Kf8 40. Nf4 Rh4 41. b5 g5 42. Nd3 Rxh3+ 43. Ke4 Ke7 44. b6 f5+ 45. Kd4 Kd6 46. b7 Rh4+ 47. Kc3 Kc7 48. Bd5 Rh3 49. Kd4 Rh2 50. b4 f4 51. Nc5 Rd2+ 52. Kc4 Rc2+ 53. Kd3 1-0

[Event "New York Masters 42nd"]
[Site "New York"]
[Date "2003.02.04"]
[Round "2"]
[White "Charbonneau, Pascal"]
[Black "Stripunsky, Alexander"]
[Result "1-0"]
[WhiteElo "2444"]
[BlackElo "2554"]
[PlyCount "92"]
[GameId "1166645146648576"]
[EventDate "2003.02.04"]
[EventType "swiss (rapid)"]
[EventRounds "4"]
[EventCountry "USA"]
[SourceTitle "EXT 2004"]
[Source "ChessBase"]
[SourceDate "2003.11.25"]
[SourceVersion "1"]
[SourceVersionDate "2003.11.25"]
[SourceQuality "1"]

1. e4 c5 2. Nf3 e6 3. d4 cxd4 4. Nxd4 a6 5. Bd3 Bc5 6. Nb3 Be7 7. Nc3 d6 8. f4 Nd7 9. Be3 Qc7 10. O-O Ngf6 11. Qf3 b5 12. a3 Bb7 13. Qh3 h5 14. Kh1 Nc5 15. f5 e5 16. Nxc5 dxc5 17. Nd5 Nxd5 18. exd5 Bxd5 19. Rad1 Rd8 20. Rd2 Bf6 21. Rfd1 Bb7 22. c4 b4 23. axb4 cxb4 24. c5 h4 25. Bf2 Qc6 26. Be2 Rxd2 27. Rxd2 O-O 28. Rd6 Qe4 29. Bd3 Qc6 30. Rxc6 Bxc6 31. Bxh4 Rd8 32. Bxf6 gxf6 33. Qe3 a5 34. h3 Rd4 35. Be2 a4 36. Bf3 Bb5 37. c6 Rc4 38. Qb6 a3 39. bxa3 bxa3 40. Qa5 e4 41. Bxe4 Rxe4 42. c7 Rc4 43. Qa8+ Kg7 44. c8=R Ra4 45. Rg8+ Kh6 46. Qf8+ Kh5 1-0

[Event "New York Masters 43rd"]
[Site "New York"]
[Date "2003.02.11"]
[Round "2"]
[White "Charbonneau, Pascal"]
[Black "Schmaltz, Roland"]
[Result "1/2-1/2"]
[WhiteElo "2444"]
[BlackElo "2529"]
[PlyCount "119"]
[GameId "1166645149687808"]
[EventDate "2003.02.11"]
[EventType "swiss (rapid)"]
[EventRounds "4"]
[EventCountry "USA"]
[EventCategory "11"]
[SourceTitle "CBM 092 Extra"]
[Source "ChessBase"]
[SourceDate "2003.03.07"]
[SourceVersion "1"]
[SourceVersionDate "2003.03.07"]
[SourceQuality "1"]

1. e4 c5 2. Nf3 e6 3. d4 cxd4 4. Nxd4 a6 5. Bd3 Qb6 6. Nb3 Qc7 7. Nc3 Nf6 8. f4 d6 9. Qf3 b5 10. g4 Bb7 11. g5 Nfd7 12. Be3 Nc6 13. O-O g6 14. Rad1 b4 15. Na4 Bg7 16. c3 O-O 17. Rc1 bxc3 18. Nxc3 Rfe8 19. Rfd1 Qd8 20. Qf2 Rc8 21. Bf1 Bf8 22. h4 Na5 23. Nd2 Rc7 24. Rc2 Qa8 25. b4 Nc6 26. a3 Ne7 27. Nc4 Rec8 28. Nxd6 Rb8 29. Nxb7 Qxb7 30. Na4 Rbc8 31. Rcd2 Qc6 32. Nb2 Nb8 33. Nc4 Qa4 34. Nb6 Qxa3 35. Nxc8 Rxc8 36. Rd8 Rxd8 37. Rxd8 Nbc6 38. Ra8 Qxb4 39. Qc2 Qb7 40. Rxa6 Nb4 41. Qb1 Nec6 42. Rb6 Qd7 43. Bb5 e5 44. f5 gxf5 45. exf5 Qd5 46. Bxc6 Nxc6 47. Qb5 Qf3 48. Qxc6 Qxe3+ 49. Kg2 e4 50. g6 Qe2+ 51. Kg3 Qf3+ 52. Kh2 Qf4+ 53. Kg2 Qg4+ 54. Kh2 Qxh4+ 55. Kg2 Qg4+ 56. Kh2 Qe2+ 57. Kh1 Qf1+ 58. Kh2 Qf2+ 59. Kh1 Qf3+ 60. Kh2 1/2-1/2

[Event "New York Masters 55th"]
[Site "New York"]
[Date "2003.05.06"]
[Round "4"]
[White "Charbonneau, Pascal"]
[Black "Stripunsky, Alexander"]
[Result "1-0"]
[WhiteElo "2444"]
[BlackElo "2554"]
[PlyCount "125"]
[GameId "1166645346258944"]
[EventDate "2003.05.06"]
[EventType "swiss (rapid)"]
[EventRounds "4"]
[EventCountry "USA"]
[SourceTitle "CBM 094 Extra"]
[Source "ChessBase"]
[SourceDate "2003.07.09"]
[SourceVersion "2"]
[SourceVersionDate "2003.07.09"]
[SourceQuality "1"]

1. e4 c5 2. Nf3 e6 3. d4 cxd4 4. Nxd4 a6 5. Bd3 Qc7 6. Qe2 d6 7. c4 Nf6 8. O-O g6 9. Nc3 Bg7 10. h3 O-O 11. Nf3 Nfd7 12. Bf4 Ne5 13. Rac1 Nbc6 14. Rfd1 Bd7 15. b3 Rac8 16. Bb1 Nxf3+ 17. Qxf3 Nd4 18. Qd3 e5 19. Be3 b5 20. cxb5 Qxc3 21. Rxc3 Rxc3 22. Qd2 axb5 23. Qb2 b4 24. Bd3 Be6 25. Bxd4 exd4 26. f4 Rfc8 27. Qf2 Rc1 28. Rxc1 Rxc1+ 29. Kh2 Rc3 30. Qe2 h5 31. g3 d5 32. exd5 Bxd5 33. g4 h4 34. Qd2 Bh6 35. Kg1 Bf8 36. Kf2 Bd6 37. f5 Bg3+ 38. Ke2 Kg7 39. Qg5 Bf3+ 40. Kxf3 Rxd3+ 41. Ke4 Rd1 42. f6+ Kh7 43. Qd5 Re1+ 44. Kd3 Re3+ 45. Kc4 Re6 46. g5 Bd6 47. Qxd4 Kg8 48. Qxh4 Bf8 49. Qf4 Re2 50. h4 Rxa2 51. h5 gxh5 52. Qh4 Rc2+ 53. Kb5 Rg2 54. Qxh5 Rg3 55. Kc4 Rc3+ 56. Kd5 Rd3+ 57. Ke4 Rg3 58. Kf4 Rg1 59. Kf3 Bc5 60. g6 Rxg6 61. Qxc5 Rxf6+ 62. Ke3 Re6+ 63. Kd3 1-0